17 Ways Not to Spell 'Slot' Quiz Stats

 Plays Quiz Updated Apr 16, 2015

Score 0/17 Timer 01:30
5 Plays Today
% Correct
Slat
90.5%
Slit
90.3%
Blot
90.2%
Clot
89.7%
Spot
88.6%
Plot
87%
Snot
84.6%
Shot
83.6%
Slob
82.5%
% Correct
Slop
82.5%
Scot
82%
Slow
78.1%
Slog
77%
Soot
75.1%
Swot
72.2%
Stot
71.3%
Sloe
68.2%

You're not logged in!

Compare scores with friends on all Sporcle quizzes.
OR
Log In

Show Comments

Extras

Top Quizzes Today


Score Distribution

Your Account Isn't Verified!

In order to create a playlist on Sporcle, you need to verify the email address you used during registration. Go to your Sporcle Settings to finish the process.

Report this User

Report this user for behavior that violates our Community Guidelines.

Details: